<?xml version="1.0" encoding="UTF-8"?>
<marc:record xmlns:marc="http://www.loc.gov/MARC21/slim">
   <marc:leader>00000nam a2200000 a 4500</marc:leader>
   <marc:datafield ind1=" " ind2=" " tag="653">
      <marc:subfield code="a">Motivation</marc:subfield>
   </marc:datafield>
   <marc:datafield ind1="0" ind2="0" tag="245">
      <marc:subfield code="a">Fit mit dem inneren Schweinehund</marc:subfield>
   </marc:datafield>
   <marc:datafield ind1=" " ind2="1" tag="264">
      <marc:subfield code="b">Gräfe u. Unzer</marc:subfield>
      <marc:subfield code="c">2007</marc:subfield>
   </marc:datafield>
   <marc:datafield ind1="1" ind2=" " tag="490">
      <marc:subfield code="a">GU</marc:subfield>
   </marc:datafield>
   <marc:datafield ind1="1" ind2=" " tag="520">
      <marc:subfield code="a">Der erste Schritt in ein gesünderes Leben ...

Endlich wieder in Schwung kommen? Ja, das wünschen sich viele. Wenn da nicht die mangelnde Zeit, das schlechte Wetter, oder einfach nur das gemütliche Sofa wären ...
Die Entscheidung für ein bewegteres Leben in die Tat umzusetzen ist schwierig. Warum? Weil unser innerer Schweinehund uns darin bestärkt, im gemütlichen, sicheren Alltag sitzen zu bleiben.</marc:subfield>
   </marc:datafield>
   <marc:datafield ind1=" " ind2=" " tag="020">
      <marc:subfield code="a">9783833807688</marc:subfield>
      <marc:subfield code="9">9783833807688</marc:subfield>
   </marc:datafield>
</marc:record>
